Germany In Different European Languages. - Statistics

General Stats
  • This quiz has been taken 48 times
  • The average score is 11 of 15
Answer Stats
Hint Answer % Correct
Tyskland Danish/Norwegian/Swedish
98%
Allemagne French
95%
Deutschland German
95%
Duitsland Dutch
93%
Németország Hungarian
93%
Niemcy Polish
93%
Germania Italian
90%
Alemanha Portuguese
88%
Alemania Spanish
86%
þýskalandi Icelandic
74%
Njemačka Croatian/Bosnian
71%
Däitschland Luxembourgish
50%
il-Ġermanja Maltese
45%
Alemanya Catalan
38%
Saksa Finish
26%
No matching quizzes found
Score Distribution
Percent of People with Each Score
Percentile by Number Answered
Your Score History
You have not taken this quiz